NHL Most points in history - Statistics

General Stats
  • This quiz has been taken 190 times
  • The average score is 19 of 30
Answer Stats
# of points Answer % Correct
2857 Wayne Gretzky
100%
1914 Jaromir Jagr
96%
1850 Gordie Howe
90%
1887 Mark Messier
90%
1723 Mario Lemieux
87%
1391 Brett Hull
80%
1771 Marcel Dionne
80%
1755 Steve Yzerman
79%
1590 Phil Esposito
75%
1398 Jair Kurri
74%
1641 Joe Sakic
70%
1531 Paul Coffey
70%
1579 Ray Bourque
70%
1457 Teemu Selanne
68%
1353 Guy Lafleur
67%
1425 Bryan Trottier
61%
1798 Ron Francis
59%
1394 Luc Robitaille
58%
1467 Stan Mikita
58%
1374 Mike Modano
57%
1349 Mats Sundin
55%
1391 Joe Thornton
54%
1354 Brendan Shanahan
46%
1533 Mark Recchi
42%
1409 Dale Hawerchuk
41%
1420 Adam Oates
39%
1338 Dave Andreychuk
39%
1369 John Bucyk
36%
1414 Doug Gilmour
30%
1338 Dennis Savard
26%
No matching quizzes found
Score Distribution
Percent of People with Each Score
Percentile by Number Answered
Your Score History
You have not taken this quiz